[Event "Antofagasta Zicosur op 4th"]
[Site "Antofagasta"]
[Date "2019.01.08"]
[Round "6"]
[White "Aguilera Bazan, Oscar"]
[Black "Rodriguez Molina, Marco Aurelio"]
[Result "1/2-1/2"]
[WhiteElo "1765"]
[BlackElo "1377"]
[PlyCount "49"]
[EventDate "2019.01.04"]
[EventType "swiss"]
[EventRounds "10"]
[EventCountry "CHI"]
[SourceTitle "CBM 190 Extra"]
[Source "ChessBase"]
[SourceDate "2019.07.15"]
[SourceVersion "1"]
[SourceVersionDate "2019.07.15"]
[SourceQuality "1"]

1. e4 d5 2. exd5 Qxd5 3. Nc3 Qa5 4. d4 Nf6 5. Nf3 Bg4 6. Be2 e6 7. 0-0 Nbd7 8. h3 Bxf3 9. Bxf3 c6 10. a3 Be7 11. Bf4 0-0 12. Ne4 Nxe4 13. Bxe4 Nf6 14. Bd3 Qb6 15. b4 Rfd8 16. c3 Nd5 17. Bd2 a6 18. Qh5 Nf6 19. Qf3 Rd7 20. Rad1 Rad8 21. a4 Qc7 22. Bf4 Qc8 23. Bc2 Nd5 24. Qd3 Bf8 25. Bd2 1/2-1/2